[Event "Floripa Chess Open 2024"]
[Site "Florianopolis"]
[Date "2024.01.26"]
[Round "8.133"]
[White "Pereira, Francisco Neris"]
[Black "Perondi, Rodolfo Antonio"]
[Result "0-1"]
[WhiteElo "1474"]
[BlackElo "1840"]
[PlyCount "84"]
[EventDate "2024.01.20"]
[EventRounds "10"]
[EventCountry "BRA"]

1. e4 e5 2. Nf3 Nc6 3. Bb5 a6 4. Ba4 Nf6 5. O-O Be7 6. Re1 b5 7. Bb3 d6 8. c3
O-O 9. h3 Na5 10. Bc2 c5 11. d4 Qc7 12. Bg5 h6 13. Bh4 Nc6 14. d5 Na5 $146 ({RR
} 14... Nd8 15. Nbd2 Nh7 16. Bxe7 Qxe7 17. Nf1 f5 18. a4 Qb7 19. exf5 Bxf5 20.
Bxf5 Rxf5 21. Qd3 Rf8 22. Ne3 c4 23. Qc2 Nf6 24. axb5 axb5 25. Rad1 Qf7 26. Nf5
Nb7 27. N3h4 Ra6 28. Ng6 Re8 29. Re3 {Rieder,J (1851)-Werner,S (1707)
Gerlingen 2011 1-0 (36)}) ({RR} 14... Na7 15. Nbd2 Nh5 16. Nf1 Qd8 17. Bg3 Nxg3
18. fxg3 Bd7 19. Ne3 g6 20. Rf1 Nc8 21. Qe2 Bf6 22. Rf2 Bg7 23. Raf1 Nb6 24. h4
Be8 25. h5 Nd7 26. Ng4 Nf6 27. Nxf6+ Bxf6 28. Nh2 Bg7 29. Ng4 {Romanishin,O  
(2595)-Thipsay,P (2485) Manila 1992 1/2-1/2 (51)}) ({RR} 14... Nb8 15. a4 b4
16. a5 Nbd7 17. Nbd2 bxc3 18. bxc3 Rd8 19. Nc4 Nf8 20. Bg3 Ng6 21. Nfd2 Rb8 22.
Nb6 Bd7 23. Nxd7 Nxd7 24. Qe2 Bg5 25. Nc4 Bf4 26. Bh2 Bxh2+ 27. Kxh2 Nf4 28.
Qf1 h5 29. g3 {Wang,Y (2473)-Tian,J (1925) Qiziwan CHN 2023 1-0 (43)}) 15. Nbd2
Nh5 16. Bxe7 Qxe7 17. Nf1 Nf4 18. Ng3 g6 19. b3 Bd7 20. Qd2 Kg7 21. Ne2 Nh5 22.
Nh2 Qg5 23. Qxg5 hxg5 24. Rad1 c4 25. Ng4 f5 26. exf5 gxf5 27. Ne3 f4 28. Ng4
f3 29. gxf3 Rxf3 30. Kg2 Raf8 31. Be4 R3f7 32. b4 Nb7 33. f3 Nd8 34. Ng3 Nf4+
35. Kh2 Rh8 36. Nf2 Bxh3 37. Kg1 Bd7 38. Ng4 Rff8 39. Rd2 Rh3 40. Kf2 Bxg4 41.
fxg4 Nd3+ 42. Kg2 Rxg3+ 0-1

[Event "Floripa Chess Open 2024"]
[Site "Florianopolis"]
[Date "2024.01.26"]
[Round "8.134"]
[White "Philippi, Enzo Grotto"]
[Black "Menezes, Jose Eduardo Carnei"]
[Result "0-1"]
[WhiteElo "1471"]
[BlackElo "1813"]
[PlyCount "116"]
[EventDate "2024.01.20"]
[EventRounds "10"]
[EventCountry "BRA"]

1. e4 c5 2. Nf3 d6 3. c4 Nc6 4. Be2 g6 5. d4 cxd4 6. Nxd4 Bg7 7. Be3 Nf6 8. Nc3
O-O 9. O-O Bd7 10. Nxc6 bxc6 ({RR} 10... Bxc6 11. f3 a5 12. Qd2 a4 13. a3 Qa5
14. Rfd1 Rfc8 15. Rac1 Nd7 16. Nd5 Qxd2 17. Rxd2 Bxd5 18. exd5 Nc5 19. Bd1 Nd7
20. f4 b5 21. Rdc2 bxc4 22. Rxc4 Rxc4 23. Rxc4 Bxb2 24. Rxa4 Rxa4 25. Bxa4 {
Mamedov,E (2234)-Taher,Y (2445) chess.com INT 2023 0-1 (62)}) 11. Qd2 Qc7 $146
({RR} 11... c5 12. Bh6 Bc6 13. Bxg7 Kxg7 14. Bf3 Nd7 15. Bd1 Ne5 16. Qe2 Bb7
17. b3 e6 18. f3 a6 19. Qd2 Qc7 20. Ne2 f5 21. exf5 Rxf5 22. Ng3 Rf7 23. f4 Nc6
24. Bf3 Raf8 25. Ne2 Kg8 26. Rad1 {Fimmers,H (1433)-Toevs,R (1664) Cologne
2009 0-1 (39)}) ({RR} 11... Qb8 12. Rab1 a5 13. Bh6 Qb6 14. Bxg7 Kxg7 15. Kh1
Ng4 16. Bxg4 Bxg4 17. f4 Be6 18. Na4 Qb4 19. Qd4+ f6 20. b3 Rab8 21. e5 dxe5
22. fxe5 Rbd8 23. Qe3 Qd2 24. Qxd2 Rxd2 25. Nc5 Bf5 26. Rxf5 {Zieger,B (1954)
-Sauter,C (1825) Walldorf 2017 1/2-1/2 (60)}) 12. Rac1 Rfd8 13. Rfd1 Be6 14. f3
Qb7 15. Qc2 Rac8 16. Rd2 Rb8 17. Rcd1 Rbc8 18. Qa4 c5 19. Qa3 Bd7 20. b3 Ng4
21. Nd5 Nxe3 22. Nxe3 Bd4 23. Kf2 f5 24. exf5 Bxf5 25. Bd3 Rf8 26. Ke2 Bxd3+
27. Kxd3 e6 28. Re2 Rfe8 29. Nc2 Be5 30. Rde1 Qf7 31. h3 Qf5+ 32. Kd2 Bg3 33.
Ne3 Bxe1+ 34. Kxe1 Qf7 35. Qa6 Rcd8 36. Ng4 Kg7 37. Rd2 h5 38. Nf2 d5 39. Nd3
Qc7 40. Re2 Rd6 41. Qb5 Rc8 42. Nf4 Kf7 43. cxd5 exd5 44. Qd3 Qb7 45. Re5 Qb4+
46. Qd2 Re8 47. Rxe8 Qxd2+ 48. Kxd2 Kxe8 49. h4 Kf7 50. Kd3 Kf6 51. a3 Ke5 52.
Kc3 Rf6 53. Nd3+ Kd6 54. f4 Re6 55. Kd2 Re4 56. Ne5 Rxe5 57. fxe5+ Kxe5 58. Ke3
Kf5 0-1

[Event "Floripa Chess Open 2024"]
[Site "Florianopolis"]
[Date "2024.01.26"]
[Round "8.135"]
[White "Godinho, Bruno Cesar Ferreir"]
[Black "Grams, Leon Honke"]
[Result "1-0"]
[WhiteElo "1802"]
[BlackElo "1513"]
[PlyCount "92"]
[EventDate "2024.01.20"]
[EventRounds "10"]
[EventCountry "BRA"]

1. d4 {ChessBase} d5 2. Nf3 Nf6 3. g3 g6 4. Bg2 Bg7 5. O-O O-O 6. c4 c6 7. Nc3
Ne4 8. cxd5 cxd5 9. Qb3 Nc6 10. Rd1 Nxc3 11. bxc3 Na5 ({RR} 11... e6 12. Bg5
Qc7 13. Bf4 Qd8 14. h4 b6 15. e4 dxe4 16. Ng5 Na5 17. Qc2 f5 18. f3 h6 19. fxe4
hxg5 20. Bxg5 Qe8 21. exf5 Bb7 22. fxg6 Bxg2 23. Kxg2 Qc6+ 24. Kh3 e5 25. d5
Qd7+ 26. Kh2 {Zherebukh,Y (2631)-Zhou Jianchao (2606) Sturbridge USA 2019 0-1 
(40)}) 12. Qb2 $146 ({RR} 12. Qb4 b6 13. Ba3 Re8 14. Nd2 Ba6 15. e3 Rc8 16.
Rac1 e6 17. Qa4 Be2 18. Re1 Bd3 19. Bb4 Nc4 20. Nxc4 Bxc4 21. Qxa7 Ra8 22. Qb7
Rxa2 23. Ra1 Qa8 24. Qxa8 Rexa8 25. Rxa2 Rxa2 26. Bf1 b5 {Landau,S-Euwe,M
Amsterdam 1930 HCL [ChessBase] 0-1 (71)}) ({RR} 12. Qb4 Bf5 13. Nh4 Be6 14. e4
Rc8 15. Bg5 f6 16. Be3 Re8 17. Rac1 b6 18. Qb5 dxe4 19. Bxe4 Bxa2 20. c4 e6 21.
Nxg6 f5 22. d5 Bxc4 23. Rxc4 Nxc4 24. Bf3 Nxe3 25. dxe6 Nxd1 26. e7 Rxe7 {
Haldankar,A (1779)-Tang,A (1895) Dulles USA 2023 0-1}) ({RR} 12. Qb4 Nc4 13.
Nd2 Nxd2 14. Bxd2 b6 15. Bg5 f6 16. Bf4 Be6 17. c4 Re8 18. cxd5 Bxd5 19. e4 Bf7
20. Rac1 Rc8 21. Rxc8 Qxc8 22. Qa4 Qc4 23. Qxa7 Qxa2 24. Qxb6 Qb3 25. Qxb3 Bxb3
26. Rb1 Bc4 {Mendoza,R (2166)-Roman,R (2015) Bogota 2013 1-0 (64)}) 12... Nc4
13. Qb3 Bg4 14. h3 Bxf3 15. Bxf3 Qd7 16. Bg2 f5 17. Rb1 b6 18. Bf4 e6 19. f3 h6
20. h4 Qe7 21. e4 g5 22. hxg5 hxg5 23. Bc1 Qc7 24. exd5 exd5 25. f4 Qd6 26. Qb5
Rad8 27. Re1 Bh6 28. fxg5 Qxg3 29. Re6 Rd6 30. Rxd6 Qe1+ 31. Kh2 Qh4+ 32. Bh3
Qf2+ 33. Kh1 Qf3+ 34. Bg2 Qd1+ 35. Kh2 Qh5+ 36. Kg1 Qd1+ 37. Kf2 Qc2+ 38. Kg1
Qd1+ 39. Kf2 Qc2+ 40. Kg3 Nxd6 41. Qxd5+ Nf7 42. Qb3 Qxb3 43. axb3 Nxg5 44.
Bd5+ Kg7 45. Kh4 Kg6 46. c4 Rd8 1-0

[Event "Floripa Chess Open 2024"]
[Site "Florianopolis"]
[Date "2024.01.26"]
[Round "8.136"]
[White "Borgonovo, Fabiano"]
[Black "Nakata, Thifanni Harumi"]
[Result "0-1"]
[WhiteElo "1466"]
[BlackElo "1785"]
[PlyCount "78"]
[EventDate "2024.01.20"]
[EventRounds "10"]
[EventCountry "BRA"]

1. d4 Nf6 2. c4 e6 3. Nc3 Bb4 4. Bd2 d5 5. Nf3 O-O 6. e3 b6 7. cxd5 exd5 8. Bd3
Bb7 9. Rc1 a6 10. O-O Nbd7 ({RR} 10... Bd6 11. Ne5 Nbd7 12. f4 c5 13. Qf3 Qe7
14. g4 cxd4 15. exd4 Bb4 16. g5 Ne4 17. Nxd5 Bxd5 18. Bxb4 Qxb4 19. Bxe4 Qxd4+
20. Rf2 Bxe4 21. Nc6 Bxc6 22. Rxc6 g6 23. Kg2 Rfe8 24. Rcc2 Nc5 25. Rce2 {
Bakhrillaev,B (2325)-Arabidze,M (2466) chess.com INT 2024 0-1 (44)}) 11. Bb1
$146 ({RR} 11. Ne5 Nxe5 12. dxe5 Nd7 13. f4 Nc5 14. Bb1 d4 15. Ne2 Qd5 16. Rf3
Bxd2 17. Qxd2 dxe3 18. Qxe3 Rad8 19. b4 Ne6 20. Rg3 Qd2 21. Kf2 Qxe3+ 22. Kxe3
Rfe8 23. f5 Nf8 24. Kf4 Rd2 25. Re3 Bxg2 {Pratyusha,B (2265)-Du,Y (2015)
Shaoxing CHN 2019 1-0 (33)}) ({RR} 11. Ne5 h6 12. f4 c5 13. Be1 Bxc3 14. bxc3
Ne4 15. Bxe4 dxe4 16. Nxd7 Qxd7 17. f5 f6 18. Qb3+ Bd5 19. c4 Bf7 20. Qxb6 cxd4
21. Qxd4 Qxd4 22. exd4 Rfc8 23. c5 Bxa2 24. Ba5 Bd5 25. Kf2 Rab8 {Maghsoodloo,
P (2701)-Duda,J (2760) Warsaw POL 2021 1-0 (40)}) ({RR} 11. Ne5 Nxe5 12. dxe5
Nd7 13. f4 Re8 14. Bb1 Nf8 15. a3 Be7 16. Ne2 c5 17. Ng3 Ng6 18. Bc3 Bf8 19.
Rf2 Qd7 20. Nf5 Rad8 21. h4 d4 22. exd4 cxd4 23. Bb4 d3 24. Nd6 Bxd6 25. Bxd6
Be4 {Lalith,B (2580)-Morawietz,D (2405) Biel SUI 2019 0-1 (42)}) 11... Bd6 12.
h3 Re8 13. Qc2 Rc8 14. a3 c5 15. Qb3 c4 16. Qc2 b5 17. b4 cxb3 18. Qxb3 Qe7 19.
a4 b4 20. Ne2 a5 21. Ng3 Bxg3 22. fxg3 Ne4 23. Bxe4 dxe4 24. Ne5 Nxe5 25. dxe5
Rcd8 26. Rf2 Bd5 27. Qb2 Qd7 28. Rcf1 Qxa4 29. Ra1 Qb5 30. Bc3 Rc8 31. Bd4 a4
32. Raf1 a3 33. Qa1 Be6 34. Rf4 Qd5 35. Rd1 Ra8 36. g4 b3 37. Qb1 Qb7 38. Qxe4
Qxe4 39. Rxe4 b2 0-1

[Event "Floripa Chess Open 2024"]
[Site "Florianopolis"]
[Date "2024.01.26"]
[Round "8.137"]
[White "Cardozo, Camila"]
[Black "Pereira, Thiago Henrique"]
[Result "1/2-1/2"]
[WhiteElo "1426"]
[BlackElo "1772"]
[PlyCount "50"]
[EventDate "2024.01.20"]
[EventRounds "10"]
[EventCountry "BRA"]

1. d4 e5 2. dxe5 Nc6 3. Nf3 Qe7 4. Bf4 Qb4+ 5. Bd2 Qxb2 6. Nc3 Bb4 7. Rb1 Qa3
8. Nb5 ({RR} 8. Nd5 Bxd2+ 9. Qxd2 Qxa2 10. Rd1 Kd8 11. e4 Qa5 12. c3 Nge7 13.
Bc4 Qc5 14. Ba2 h6 15. O-O Ng6 16. Kh1 Ncxe5 17. Nxe5 Nxe5 18. f4 Nc6 19. e5 d6
20. Nb4 Be6 21. exd6 cxd6 22. Nd3 Qf5 {Korchmar,V (2450)-Vovk,O (2315) chess.
com INT 2022 0-1 (49)}) 8... Qa5 9. e3 a6 $146 ({RR} 9... Bxd2+ 10. Qxd2 Qxd2+
11. Nxd2 Kd8 12. Nf3 Nge7 13. Bc4 a6 14. Nbd4 f6 15. exf6 gxf6 16. O-O b5 17.
Nxc6+ Nxc6 18. Bd5 Bb7 19. Rfd1 Kc8 20. Nd4 Nxd4 21. Bxb7+ Kxb7 22. Rxd4 d6 23.
g3 Rad8 24. a4 {Medeiros,F (1827)-Lucena,S (1760) Imperatriz 2003 1-0 (33)}) ({
RR} 9... Nge7 10. Bxb4 Nxb4 11. Qd2 Nec6 12. a3 Na6 13. Qxa5 Nxa5 14. Bd3 O-O
15. O-O Nc6 16. Nbd4 Nc5 17. Bb5 Re8 18. Bxc6 dxc6 19. h3 b6 20. Nxc6 Bb7 21.
Nfd4 Ne6 22. f4 Nxd4 23. Nxd4 a6 24. Rbd1 {Kuchava,A (2101)-Bettalli,F (2237)
chess.com INT 2022 0-1 (42)}) 10. Nxc7+ Qxc7 11. Bxb4 Nxe5 12. Nxe5 Qxe5 13.
Qd2 Nf6 14. Bd6 Qe6 15. Qd4 b5 16. c4 bxc4 17. Bxc4 Qe4 18. O-O Bb7 19. Rxb7
Qxb7 20. Qe5+ Kd8 21. Be7+ Kc8 22. Rc1 Qc6 23. Bxa6+ Rxa6 24. Rxc6+ Rxc6 25.
Qb2 Kc7 1/2-1/2

[Event "Floripa Chess Open 2024"]
[Site "Florianopolis"]
[Date "2024.01.26"]
[Round "8.139"]
[White "Silver, Fernanda Luise"]
[Black "Vieira, Luana Saddi"]
[Result "1/2-1/2"]
[WhiteElo "1749"]
[BlackElo "1501"]
[PlyCount "93"]
[EventDate "2024.01.20"]
[EventRounds "10"]
[EventCountry "BRA"]

1. e4 e5 2. Nf3 Nc6 3. Bc4 Bc5 4. c3 Nf6 5. d3 O-O 6. b4 Bd6 7. O-O a6 ({RR} 
7... Qe7 8. Bg5 h6 9. Bh4 g5 10. Nxg5 hxg5 11. Bxg5 Kg7 12. Qf3 Rh8 13. Qg3 Kf8
14. Qf3 Kg7 15. Qg3 Nh5 16. Qg4 f6 17. Be3+ Kf8 18. Nd2 Nd8 19. Nf3 Ne6 20. Nh4
Qg7 21. Ng6+ Ke8 22. h3 {Zaichenko,D (2104)-Przybylski,W (2321) chess.com INT
2022 0-1 (74)}) 8. Nbd2 b5 9. Bb3 Be7 $146 ({RR} 9... a5 10. a3 axb4 11. cxb4
Nxb4 12. d4 Nd3 13. dxe5 Nxe5 14. Bb2 Qe7 15. Ng5 h6 16. f4 Bc5+ 17. Kh1 Nd3
18. Bxf6 Qxf6 19. e5 Qb6 20. Nde4 Nf2+ 21. Nxf2 Bxf2 22. Nxf7 Bd4 23. Ra2 Rxf7
24. Qh5 {Danada,O (1895)-Halasz,A (1556) Bratislava 2010 1/2-1/2 (51)}) 10. a4
Bb7 11. Bb2 d6 12. Re1 Re8 13. Nf1 Bf8 14. Ne3 Ne7 15. Ng5 d5 16. exd5 Nexd5
17. Qf3 h6 18. Ne4 Rb8 19. Nxf6+ Nxf6 20. Qg3 Qxd3 21. Rad1 Qe4 22. Nd5 Qf5 23.
Nxf6+ Qxf6 24. Rd7 Re7 25. Rxe7 Bxe7 26. c4 bxc4 27. Bxc4 Bxb4 28. Bxe5 Qg5 29.
Qxg5 hxg5 30. Rd1 Bc6 31. Bxa6 Bd6 32. Bxd6 cxd6 33. h3 d5 34. Rd4 Kf8 35. Be2
Ke7 36. a5 Rb1+ 37. Kh2 Rb2 38. Bf3 Kd6 39. Rg4 f6 40. h4 Bd7 41. Rd4 Bc6 42.
hxg5 Rxf2 43. gxf6 gxf6 44. Kg3 Ra2 45. Rb4 Rxa5 46. Rb8 Ra7 47. Rb6 1/2-1/2

[Event "Floripa Chess Open 2024"]
[Site "Florianopolis"]
[Date "2024.01.26"]
[Round "8.140"]
[White "Jurado, Laura Alves"]
[Black "Fuxz, Diego"]
[Result "0-1"]
[WhiteElo "1419"]
[BlackElo "1749"]
[PlyCount "90"]
[EventDate "2024.01.20"]
[EventRounds "10"]
[EventCountry "BRA"]

1. d4 d5 2. Bf4 c5 3. e3 Nc6 4. Nf3 Nf6 5. Nc3 a6 6. dxc5 e6 7. Na4 Ne4 ({RR} 
7... Bxc5 8. Nxc5 Qa5+ 9. c3 Qxc5 10. Bd3 Qe7 11. Ne5 Nd7 12. Nxc6 bxc6 13. e4
Nc5 14. exd5 Nxd3+ 15. Qxd3 exd5+ 16. Be3 a5 17. O-O-O O-O 18. Rhe1 Be6 19. Qd4
Rfb8 20. Rd2 a4 21. Bf4 c5 22. Qxd5 {Vachier Lagrave,M (2779)-Nakamura,H (2777)
chess.com INT 2018 1-0 (73)}) 8. a3 $146 ({RR} 8. c3 Nxc5 9. Nxc5 Bxc5 10. Bd3
h6 11. O-O O-O 12. e4 d4 13. cxd4 Nxd4 14. e5 b5 15. Be4 Ra7 16. Rc1 Bb6 17.
Nxd4 Qxd4 18. Qc2 Bb7 19. Be3 Qxe4 20. Qxe4 Bxe4 21. Bxb6 Rb7 22. Bc5 Rd8 {
Troff,K (2483)-Tologontegin,S (2368) chess.com INT 2023 0-1 (102)}) ({RR} 8.
Bd3 Qa5+ 9. c3 Nxc5 10. Nxc5 Qxc5 11. O-O g6 12. e4 Bg7 13. b4 Qxc3 14. Rc1
Qxb4 15. a3 Qxa3 16. exd5 exd5 17. Re1+ Be6 18. Ng5 O-O 19. Rb1 b5 20. Re3 Qe7
21. h4 Nd4 22. h5 Qf6 {Troff,K (2484)-Toropov,P (2336) chess.com INT 2023 0-1 
(63)}) 8... Nxc5 9. Nxc5 Bxc5 10. b4 Bd6 11. Bxd6 Qxd6 12. c4 O-O 13. cxd5 exd5
14. Be2 Re8 15. O-O h6 16. Qd2 Be6 17. Rfd1 Rad8 18. Rac1 Ne7 19. Nd4 Bd7 20.
Bf3 Be6 21. Ne2 Rd7 22. Nf4 Red8 23. Qc3 Rc8 24. Qb2 Rxc1 25. Qxc1 Qc7 26. Qb2
Rd6 27. h3 Qd8 28. Nh5 f6 29. Qd4 Nc6 30. Qf4 Bf7 31. Ng3 g5 32. Qg4 Ne5 33.
Qf5 Bg6 34. Bxd5+ Rxd5 35. Qe6+ Bf7 36. Rxd5 Qxd5 37. Qc8+ Kh7 38. Nf5 Qd7 39.
Qc2 Bg6 40. e4 Qc6 41. Qe2 Qc4 42. Qe3 Qd3 43. Qb6 Qxe4 44. Qc7+ Nf7 45. Nd6
Qc6 0-1

[Event "Floripa Chess Open 2024"]
[Site "Florianopolis"]
[Date "2024.01.26"]
[Round "8.141"]
[White "Nascimento, Bianca Alencar De S"]
[Black "Lunelli, Neuri Antonio"]
[Result "1/2-1/2"]
[WhiteElo "1389"]
[BlackElo "1744"]
[PlyCount "92"]
[EventDate "2024.01.20"]
[EventRounds "10"]
[EventCountry "BRA"]

1. e4 c6 2. d4 d5 3. Nc3 dxe4 4. Nxe4 Nf6 5. Ng3 e6 6. Nf3 Be7 7. Bd3 O-O 8.
O-O ({RR} 8. Qe2 b6 9. Bg5 Bb7 10. O-O-O Nbd7 11. h4 c5 12. dxc5 bxc5 13. Ne4
Qa5 14. Nc3 h6 15. Bd2 Qb6 16. g4 Rab8 17. b3 Nxg4 18. Rhg1 Bxf3 19. Qxf3 Nge5
20. Rxg7+ Kxg7 21. Rg1+ Kh8 22. Qh5 Nxd3+ {Kopczynski,M (2225)-Iunusov,N (2012)
chess.com INT 2023 1-0 (34)}) 8... c5 9. c3 ({RR} 9. dxc5 Bxc5 10. Qe2 Nbd7 11.
Ng5 h6 12. N5e4 Nxe4 13. Nxe4 Be7 14. c3 Qc7 15. Re1 Nc5 16. Nxc5 Bxc5 17. Qf3
Bd7 18. Bf4 Bd6 19. Bxd6 Qxd6 20. Rad1 Bc6 21. Bh7+ Kxh7 22. Rxd6 Bxf3 23. gxf3
Rfd8 {Mieles Palau,D (2468)-Bastidas Rodriguez,E (2441) Guayaquil 2003 1/2-1/2}
) 9... cxd4 $146 ({RR} 9... Qc7 10. Qc2 Nc6 11. dxc5 Ne5 12. Nxe5 Qxe5 13. b4
a5 14. Bb2 h6 15. a3 Rd8 16. Rad1 Bd7 17. Qc1 Ba4 18. Bc2 Bb5 19. c4 Qc7 20.
cxb5 axb4 21. axb4 Nd5 22. Be4 Bg5 23. Qc4 Nf4 24. b6 {Tan,J (1883)-Nolly,C
Penang 2012 1-0}) ({RR} 9... Qc7 10. Qe2 Nc6 11. Ne5 cxd4 12. Nxc6 Qxc6 13.
cxd4 Rd8 14. Be3 Nd5 15. Rac1 Qb6 16. Bb1 Bd7 17. Rfd1 Rac8 18. Ne4 Bb5 19. Qh5
g6 20. Qf3 Rxc1 21. Rxc1 Bc6 22. Ng5 Bxg5 23. Bxg5 Qxb2 24. Be4 {Schuetz,P  
(1967)-Hemminga,F (2033) Groningen 2005 0-1 (56)}) 10. Nxd4 Bd7 11. Ne4 Nc6 12.
Nxf6+ Bxf6 13. Ne2 Ne5 14. Bc2 Bb5 15. Qxd8 Rfxd8 16. Re1 Nd3 17. Bxd3 Rxd3 18.
Nf4 Rd7 19. Nh5 Be5 20. Be3 f6 21. a4 Bc4 22. Nf4 Kf7 23. Ne2 Rad8 24. Bxa7
Bxe2 25. Bb6 Ra8 26. Rxe2 Rxa4 27. Rae1 Ra6 28. Bc5 Rc6 29. Be3 b5 30. g3 Rb7
31. f4 Bc7 32. Rd1 Ba5 33. Red2 Ke7 34. b4 Bb6 35. Bxb6 Rcxb6 36. Rd8 Rc6 37.
R8d3 Rbc7 38. Rc1 Rd7 39. Rxd7+ Kxd7 40. Rd1+ Ke7 41. Rd3 h6 42. h4 Rc4 43. h5
Re4 44. Kf2 e5 45. f5 Rc4 46. Ke3 e4 1/2-1/2

[Event "Floripa Chess Open 2024"]
[Site "Florianopolis"]
[Date "2024.01.26"]
[Round "8.142"]
[White "De Sousa, Alex Aecio"]
[Black "Carvalho, Eduardo Meireles"]
[Result "1-0"]
[WhiteElo "1742"]
[BlackElo "1476"]
[PlyCount "83"]
[EventDate "2024.01.20"]
[EventRounds "10"]
[EventCountry "BRA"]

1. g3 c6 2. Bg2 d5 3. b3 Nf6 4. Bb2 Bf5 5. Nf3 Nbd7 6. d3 e6 7. Nbd2 Be7 8. O-O
O-O 9. Re1 Bg6 $146 ({RR} 9... h6 10. e4 Bh7 11. Qe2 dxe4 12. dxe4 Qc7 13. Red1
Rfe8 14. Ne1 e5 15. Nd3 Rad8 16. Nc4 Bf8 17. Ndxe5 Nxe5 18. Rxd8 Qxd8 19. Nxe5
Qc7 20. Nd3 Nxe4 21. Re1 Nf6 22. Qd2 Rxe1+ 23. Qxe1 Nd5 24. Qe8 {Martin Duque,
J (2425)-Al Tarbosh,W (2182) chess.com INT 2021 0-1 (49)}) ({RR} 9... h6 10. e4
Bh7 11. Qe2 dxe4 12. dxe4 Qc7 13. Red1 Rfe8 14. Ne1 e5 15. Nd3 Rad8 16. Nc4 Bf8
17. Ndxe5 Nxe5 18. Rxd8 Qxd8 19. Nxe5 Qc7 20. Nd3 Nxe4 21. Re1 Nf6 22. Qd2
Rxe1+ 23. Qxe1 Nd5 24. Qe8 {Martin Duque,J (2425)-Al Tarbosh,W (2182) chess.
com INT 2021 0-1 (49)}) 10. e4 Qb6 11. e5 Ng4 12. d4 c5 13. h3 Nh6 14. c4 cxd4
15. Bxd4 Bc5 16. Bxc5 Nxc5 17. Nh4 Nd3 18. Re3 Nf5 19. Nxg6 Nxe3 20. Ne7+ Kh8
21. fxe3 Qxe3+ 22. Kh2 Rae8 23. cxd5 Rxe7 24. d6 Rd7 25. Nc4 Qd4 26. Qg1 Qc3
27. Rd1 Nxe5 28. Qc5 Nf3+ 29. Kh1 Ne1 30. Qe5 Qc2 31. Qxe1 Qxa2 32. Ne5 Rdd8
33. Qe3 f6 34. Nc4 b5 35. Qd2 Qxd2 36. Rxd2 bxc4 37. bxc4 Rc8 38. d7 Rb8 39. c5
Rb1+ 40. Kh2 Rd8 41. c6 Rc1 42. Ra2 1-0

[Event "Floripa Chess Open 2024"]
[Site "Florianopolis"]
[Date "2024.01.26"]
[Round "8.144"]
[White "Dos Santos, Guilherme Fortes"]
[Black "Nagel, Yasmin Da Silva"]
[Result "1-0"]
[WhiteElo "1707"]
[BlackElo "1437"]
[PlyCount "65"]
[EventDate "2024.01.20"]
[EventRounds "10"]
[EventCountry "BRA"]

1. d4 Nf6 2. c4 g6 3. Nc3 Bg7 4. e4 d6 5. f4 O-O 6. Nf3 c5 7. d5 Bg4 8. Bd3 Ne8
({RR} 8... Na6 9. h3 Bxf3 10. Qxf3 Nc7 11. O-O a6 12. a4 e6 13. Be3 exd5 14.
cxd5 Re8 15. Bf2 Nd7 16. Rad1 b5 17. axb5 axb5 18. Nxb5 Nxb5 19. Bxb5 Rb8 20.
Bc6 Rxb2 21. Bg3 Rf8 22. Rde1 c4 23. e5 {Iljin,T (2509)-Voloshin,L (2449)
Alushta 2011 1-0 (40)}) ({RR} 8... e6 9. O-O exd5 10. exd5 Na6 11. h3 Bxf3 12.
Qxf3 Nc7 13. f5 Nd7 14. Qg3 Ne5 15. Bg5 f6 16. Bf4 g5 17. Bxe5 fxe5 18. Ne4 Bf6
19. h4 h6 20. hxg5 hxg5 21. Nxg5 Qd7 22. Ne6+ Kf7 23. Qg6+ {Beletic,D (2328)
-Markocic,S (1792) Ljubljana SLO 2021 1-0 (42)}) 9. O-O a6 $146 ({RR} 9... e6
10. h3 Bxf3 11. Rxf3 exd5 12. exd5 f5 13. Bd2 Rf7 14. Qf1 a6 15. Kh2 Nd7 16.
Re1 Nc7 17. a4 b6 18. Qe2 Bd4 19. Nd1 Qf8 20. Bc3 Re8 21. Qd2 Rxe1 22. Qxe1 Re7
23. Qd2 Qf6 24. Rf1 {Litmanowicz,M-Bilek,E Split 1963 1/2-1/2 (48)}) 10. a4 b6
11. h3 Bxf3 12. Qxf3 Nd7 13. g4 e6 14. Bd2 Nc7 15. Rae1 Rb8 16. g5 h5 17. gxh6
Bxh6 18. Qg2 Qf6 19. e5 Qe7 20. exd6 Qxd6 21. Ne4 Qe7 22. d6 Qd8 23. dxc7 Qxc7
24. Ng5 Qd6 25. Bxg6 fxg6 26. Rxe6 Qd4+ 27. Kh1 Qd3 28. Ne4 Bg7 29. Rxg6 Rf7
30. Bc3 Ne5 31. Bxe5 Rbb7 32. Nd6 Kh7 33. Nxf7 1-0

[Event "Floripa Chess Open 2024"]
[Site "Florianopolis"]
[Date "2024.01.26"]
[Round "8.145"]
[White "De Menezes, Ricardo Fagner Dias"]
[Black "Martins, Joao Fernandes"]
[Result "1-0"]
[WhiteElo "1675"]
[BlackElo "1426"]
[PlyCount "63"]
[EventDate "2024.01.20"]
[EventRounds "10"]
[EventCountry "BRA"]

1. d4 Nf6 2. c4 g6 3. g3 Bg7 4. Bg2 O-O 5. e3 d6 ({RR} 5... c5 6. dxc5 Na6 7.
Ne2 Nxc5 8. O-O d6 9. Nbc3 Bf5 10. b3 Qd7 11. Re1 Nd3 12. Rf1 Nxc1 13. Rxc1 Bh3
14. Bxh3 Qxh3 15. Nf4 Qd7 16. Nfd5 Ne8 17. Qd2 e6 18. Nf4 Nf6 19. Rfd1 Rfd8 20.
Nfe2 {Kuzubov,Y (2624)-Nepomniachtchi,I (2794) chess.com INT 2023 0-1 (38)}) ({
RR} 5... d5 6. cxd5 Nxd5 7. Nc3 c6 8. Nge2 Bg4 9. O-O Nxc3 10. bxc3 Na6 11. h3
Be6 12. Qd3 Rb8 13. Nf4 Bc8 14. Rb1 e5 15. Ne2 Nc5 16. Qc4 Ne6 17. Bxc6 exd4
18. cxd4 Ng5 19. h4 Bf5 20. Rxb7 {Slate,K (2087)-Oliveira,T (1953) chess.com
INT 2024 1-0}) 6. Ne2 c6 7. O-O Qb6 $146 ({RR} 7... Na6 8. Nbc3 Nc7 9. b3 Bd7
10. Bb2 e5 11. Qd2 Nce8 12. dxe5 Nh5 13. exd6 Be5 14. c5 Qa5 15. Rac1 Bh8 16.
Nd5 {1-0 (16) Teloeken,S (1745)-Ulunque Villazon,H (1577) Germany 2012}) 8.
Nbc3 a5 9. Qb3 Nbd7 10. Bd2 Qc7 11. Rac1 Nb6 12. a4 e6 13. e4 Nbd7 14. Nd1 Re8
15. c5 dxc5 16. dxc5 Rd8 17. Be3 e5 18. h3 Nf8 19. Qc2 Ne6 20. b3 Qe7 21. Nb2
Ne8 22. Rcd1 N8c7 23. Rxd8+ Qxd8 24. Nc4 Na6 25. Rd1 Qc7 26. Nb6 Rb8 27. Nc1
Bf8 28. Nd3 Bxc5 29. Nxc5 Nd4 30. Nxa6 Qxb6 31. Bxd4 Qxa6 32. Bxe5 1-0

[Event "Floripa Chess Open 2024"]
[Site "Florianopolis"]
[Date "2024.01.26"]
[Round "8.147"]
[White "Goetten Wagner, Julia"]
[Black "Altenhofen, Guilherme Graneto"]
[Result "0-1"]
[WhiteElo "1658"]
[BlackElo "1425"]
[PlyCount "39"]
[EventDate "2024.01.20"]
[EventRounds "10"]
[EventCountry "BRA"]

1. e4 c5 2. Nf3 e6 3. d4 cxd4 4. Nxd4 Nf6 5. Nc3 Nc6 6. a3 Be7 7. Nxc6 bxc6 8.
e5 Nd5 9. Qg4 ({RR} 9. Ne4 Qc7 10. f4 Qb6 11. c4 Ne3 12. Qd3 Nxf1 13. Rxf1 c5
14. Rf2 Bb7 15. Be3 O-O 16. Rd1 Rac8 17. Nd6 Bxd6 18. Qxd6 Qa5+ 19. Qd2 Qa6 20.
Qc3 Rfd8 21. Rd6 Bc6 22. f5 exf5 23. Rxf5 Re8 {Rasulov,V (2536)-Vachier
Lagrave,M (2734) chess.com INT 2024 0-1 (70)}) 9... g6 ({RR} 9... Kf8 10. Bd2
h5 11. Qe4 Rb8 12. b3 f5 13. exf6 Bxf6 14. Qf3 Kg8 15. Rd1 Nxc3 16. Bxc3 d5 17.
Be2 e5 18. Qe3 Qb6 19. Qd2 Bf5 20. O-O h4 21. h3 Kh7 22. Rfe1 Rhf8 23. Bb4 e4
24. Bxf8 {Caruana,F (2820)-Rapport,R (2763) Paris FRA 2021 1/2-1/2 (74)}) 10.
Qg3 Qa5 11. Bd2 Bb4 $146 ({RR} 11... Rb8 12. Ne4 Qa4 13. c4 Rxb2 14. Bd3 Nb6
15. Nd6+ Bxd6 16. exd6 Rxd2 17. Kxd2 Nxc4+ 18. Ke2 O-O 19. Qh4 Ba6 20. Rhc1 Nb2
21. Qxa4 Bxd3+ 22. Ke3 Nxa4 23. Kxd3 e5 24. Rab1 f6 25. Rb7 Nb6 26. Rxa7 {
Nasuta,G (2539)-Chigaev,M (2632) chess.com INT 2022 1-0 (35)}) 12. Ne4 Bxd2+
13. Nxd2 Rb8 14. c3 Ba6 15. b4 Qa4 16. Bd3 Bxd3 17. Qxd3 Qb5 18. c4 Nxb4 19.
axb4 Qxe5+ 20. Qe4 0-1